00517nam a2200169 a 4500008004100000020002300041100002100064245005400085260003700139300004700176504004100223500002000264650003600284003000100320005001700321040000900338  a0697015386 (cased)1 aZwass, Vladimir.10aManagement information systems /cVladimir Zwass. aDubuque :bWm. C. Brown,cc1992. axxxi, 896 p. :bill. (some col.) ;c27 cm. aIncludes bibliographical references. aIncludes index. 0aManagement information systems.20230123134308.0 cNUST